Administración de empresas agropecuarias (Registro nro. 981)

Detalles MARC
000 -LEADER
fixed length control field 01846 a2200217 4500
001 - CONTROL NUMBER
control field 22361
005 - DATE AND TIME OF LATEST TRANSACTION
control field 20260407155513.0
008 - FIXED-LENGTH DATA ELEMENTS--GENERAL INFORMATION
fixed length control field 260407a1968 arg spa d
003 - CONTROL NUMBER IDENTIFIER
control field AR-UNSa-BCEJYS
040 ## - CATALOGING SOURCE
Original cataloging agency AR-UNSa-BCEJYS
Language of cataloging spa
Transcribing agency AR-UNSa-BCEJYS
080 ## - UNIVERSAL DECIMAL CLASSIFICATION NUMBER
Universal Decimal Classification number 658:631.1
Common auxiliary subdivision Administración de empresas agropecuarias(maquinarias, etc.)
100 1# - MAIN ENTRY--PERSONAL NAME
Personal name Castle, Emery N.
245 10 - TITLE STATEMENT
Title Administración de empresas agropecuarias
Name of part/section of a work el proceso de toma de decisiones
264 #1 - PRODUCTION, PUBLICATION, DISTRIBUTION, MANUFACTURE, AND COPYRIGHT NOTICE
Place of production, publication, distribution, manufacture Buenos Aires :
Name of producer, publisher, distributor, manufacturer El Ateneo
Date of production, publication, distribution, manufacture, or copyright notice 1968
300 ## - PHYSICAL DESCRIPTION
Extent 332 p.
Dimensions 23 cm.
505 ## - FORMATTED CONTENTS NOTE
Formatted contents note Parte I: 1. El proceso de toma de decisiones - 2. La ocupación de la empresa agropecuaria - Parte II: 3. Principios económicos y administración agropecuaria - 4. Registros agropecuarios: su propósito y su descripción - 5. El balance patrimonial y el de resultados - 6. El análisis integral de los registros - 7. El presupuesto de la empresa agrícola - 8. Los riesgos y la inseguridad en la agricultura - Parte III: Adquisición y los factores de producción - 9. La adquisición del capital - 10. Adquisición de la tierra - 11. Dimensión del predio - 12. La selección y la combinación de actividades - Parte IV: 13. La adquisición de la producción agrícola - 14. Administración de la tierra y el agua - 15. La administración de la tierra ganadera - 16. Administración de la mano de obra - 17. Administración de la maquinaria - 18. Edificios agropecuarios y disposición en la empresa agropecuaria - 19. Administración de impuestos a los réditos - Parte V: 20. La adaptación del cambio sobre la organización y la administración agropecuarias.
590 ## - LOCAL NOTE (RLIN)
Local note niveau_biblio:m niveau_hierar:0
700 1# - ADDED ENTRY--PERSONAL NAME
Personal name Becker, Manning H.
856 41 - ELECTRONIC LOCATION AND ACCESS
Uniform Resource Identifier <a href="https://biblioeco.unsa.edu.ar/pmb/images/libros/administracion de empresas agropecuarias.jpg">https://biblioeco.unsa.edu.ar/pmb/images/libros/administracion de empresas agropecuarias.jpg</a>
Link text Imagen de portada
Electronic format type image/jpeg
942 ## - ADDED ENTRY ELEMENTS (KOHA)
Koha item type
Existencias
Withdrawn status Lost status Damaged status Not for loan Home library Current library Shelving location Date acquired Total checkouts Full call number Barcode Date last seen Price effective from Koha item type
        Biblioteca Prof. Eusebio Cleto del Rey Biblioteca Prof. Eusebio Cleto del Rey   07/04/2026   658:631.1 C353 L24656 07/04/2026 07/04/2026 Libro